| 000 -LEADER |
| fixed length control field |
00748nam a22002057a 4500 |
| 008 - FIXED-LENGTH DATA ELEMENTS--GENERAL INFORMATION |
| fixed length control field |
131010b xxu||||| |||| 00| 0 alb d |
| 020 ## - INTERNATIONAL STANDARD BOOK NUMBER |
| International Standard Book Number |
9951130186 |
| 041 ## - LANGUAGE CODE |
| Language code of text/sound track or separate title |
alb, eng |
| 080 ## - UNIVERSAL DECIMAL CLASSIFICATION NUMBER |
| Universal Decimal Classification number |
021.4 |
| Common auxiliary subdivision |
(496.51) |
| 245 10 - TITLE STATEMENT |
| Title |
Java e Bibliotekës në Kosovë 11-16 Prill 2005 / |
| Statement of responsibility, etc |
[Kryeredaktor i botimeve Sali Bashota]. |
| 260 ## - |
| -- |
Prishtine : |
| -- |
Biblioteka Kombetare dhe Universitare e Kosoves ; |
| -- |
2006 |
| 300 ## - |
| -- |
151 f.: |
| -- |
me il.; |
| -- |
21 cm. |
| 490 ## - |
| -- |
BKUK : Botime të Veçanta 3 : |
| 505 ## - |
| -- |
Literatura : f. 151 |
| 610 14 - |
| -- |
Biblioteka Kombëtare dhe Universitare e Kosovës |
| -- |
Seminare |
| 650 ## - |
| -- |
Bibliotekaria |
| -- |
Seminare |
| -- |
Kosovë |
| 700 1# - |
| -- |
Bashota, Sali |
| 700 1# - |
| -- |
Biblioteka Kombëtare dhe Universitare e Kosovës |
| 942 ## - ADDED ENTRY ELEMENTS (KOHA) |
| Source of classification or shelving scheme |
|
| Item type |
Books |